Novak Djokovic - Route to the 2008 Australian Open Trophy - Statistics

General Stats
  • This quiz has been taken 17 times
  • The average score is 4 of 7
Answer Stats
Round Result Country Answer % Correct
F 3:1 (4:6,6:4,6:3,7:6) France Jo-Wilfried Tsonga
100%
SF 3:0 (7:5,6:3,7:6) Switzerland Roger Federer
100%
QF 3:0 (6:0,6:3,7:5) Spain David Ferrer
94%
R16 3:0 (7:5,6:3,6:3) Australia Lleyton Hewitt
94%
R32 3:0 (6:3,6:1,6:3) USA Sam Querrey
19%
R64 3:0 (6:1,6:2,6:2) Italy Simone Bolelli
19%
R128 3:0 (6:0,6:2,7:6) Germany Benjamin Becker
13%
No matching quizzes found
Score Distribution
Percent of People with Each Score
Percentile by Number Answered
Your Score History
You have not taken this quiz